| 000 | 01076cam a22002775a 4500 | ||
|---|---|---|---|
| 001 | 14496639 | ||
| 005 | 20180320152218.0 | ||
| 008 | 060812t2005 caua frb 001 0 eng d | ||
| 020 | _a078214439X | ||
| 020 | _a9780782144390 | ||
| 040 |
_aUKM _beng _cUKM _dBAKER _dUtOrBLW _dDLC _dEG-ScBUE |
||
| 082 | 0 | 4 |
_a005.276 _222 _bMUE |
| 100 | 1 |
_aMueller, John, _d1958- |
|
| 245 | 1 | 0 |
_aMastering Web Development with Microsoft Visual Studio 2005 / _cJohn Paul Mueller. |
| 246 | 3 | 0 | _aWeb development with Microsoft Visual Studio 2005 |
| 260 |
_aIndianapolis : _bWiley Publishing, _cc.2005. |
||
| 300 |
_axxvi, 822 p. : _bill. ; _c23 cm. |
||
| 504 | _aIncludes bibliographical references and index. | ||
| 630 | 0 | 7 |
_aMicrosoft Visual studio. _94597 |
| 650 | 7 |
_aWeb site development. _2BUEsh _911303 |
|
| 651 | _2BUEsh | ||
| 653 |
_bCOMSCI _cMarch2018 |
||
| 856 | 4 | 2 |
_3Contributor biographical information _uhttp://www.loc.gov/catdir/enhancements/fy0653/2006280394-b.html |
| 856 | 4 | 2 |
_3Publisher description _uhttp://www.loc.gov/catdir/enhancements/fy0653/2006280394-d.html |
| 942 | _2ddc | ||
| 999 |
_c26372 _d26344 |
||